| 000 | 01125nam a2200253 i 4500 | ||
|---|---|---|---|
| 001 | bg | ||
| 100 | 1 |
_aHopej, Marian _d(1951- ). |
|
| 245 | 1 | 0 |
_aDokonywanie zmian w strukturze organizacyjnej / _cMarian Hopej. |
| 246 | 1 | 1 | _aImplementation of changes in organizational structure |
| 260 |
_aWrocław : _bWydaw. PW, _c1994. |
||
| 300 |
_a114 s. : _brys., wykr. ; _c24 cm. |
||
| 490 | 1 |
_aPrace Naukowe Instytutu Organizacji i Zarządzania Politechniki Wrocławskiej. Monografie = _aScientific Papers of the Institute of Organization and Management Systems of the Technical University of Wrocław. Monographs, _x0324-9492 ; _v28 |
|
| 500 | _aTyt. równol. : Implementation of changes in organizational structure. | ||
| 500 | _aNumeracja ser. gł. : 65. | ||
| 504 | _aBibliogr. s. 106-109. - Summ. | ||
| 650 | 9 | _aOrganizacja | |
| 650 | 9 |
_aSzkolnictwo wyższe _xorganizacja _zPolska _yod 1944 r. |
|
| 830 | 0 |
_aPrace Naukowe Instytutu Organizacji i Zarządzania Politechniki Wrocławskiej. _pMonografie ; _v28 |
|
| 040 | _cBPK | ||
| 041 | 0 | _apl | |
| 080 | _a65.01 | ||
| 942 | _cKS | ||
| 008 | s pl f |000 0 pol | ||
| 999 |
_c30301 _d30301 |
||
| 856 |
_uhttp://koha.tu.koszalin.pl/cgi-bin/koha/opac-detail.pl?biblionumber=30301 _yKatalog online BPK |
||